000 00679nam a2200265Ia 4500
003 OSt
005 20221006142630.0
006 a|||||r|||| 00| 0
007 ta
008 221006b |||||||| |||| 00| 0 eng d
020 _c
_3.95
024 _a6,808
037 _cTextual
040 _aEASL
_cEASL
_beng
041 _2eng
_aeng
082 _aY:1.41.N, L5
100 _aWRIGHT Arthur F Ed.
245 0 _aConfucianism and Chinese civilization
260 _aCalifornia
_bStandford Uniersity
_c1975
300 _a366p.
_ccm.
490 _v CEL
650 _aCEL
942 _hY:1.41.N, L5
_cTEXL
_2CC
999 _c1074894
_d1074894